00986nam a2200241 a 4500001001000000003000500010005001700015008004100032010001100073011001100084020008400095040000900179082002200188245014700210260015400357300001500511650004200526650006100568650003700629700003100666700002500697700002200722000112644CHAP20220329144316.0160816s2011 mx a |r| ||||||spa d a109105 a110077 a9786077607458 (Obra completa)a978-607-7607-46-5 (v.1)a978-607-7607-47-2 (v.2) cCHAP04a333.72097267bR5910aRiqueza biológica de Quintana Roo :bun análisis para su conservación /ceditada por Carmen Pozo, Natalia Armijo Canto y Sophie Calmé. aMéxico, D. F. :bConabiobColegio de la Frontera SurbGobierno del Estado de Quintana Roo 2005-bPrograma de Pequeñas Donaciones-México,c2011. bil ;c2 v.14aBiodiversidadzQuintana Roo (Estado).14aConservación de la biodiversidadzQuinta Roo (Estado).14aConservación de la naturaleza.1 aArmijo Canto, Nataliaeed.1 aCalmé, Sophieeed.1 aPozo, Carmeneed.